[Event "ODJM C 2022"]
[Site "Willingen GER"]
[Date "2022.06.07"]
[Round "4"]
[White "Rabus, Johann"]
[Black "Zinnikus, Elias"]
[Result "1-0"]
[Termination "normal"]
[Board "6"]
[WhiteElo "1079"]
[BlackElo "1282"]
[WhiteClock "01:17:57"]
[BlackClock "00:19:39"]
[PlyCount "114"]
[WhiteFideId "34602950"]
[BlackFideId "16245024"]
[EventCountry "GER"]
[EventRounds "9"]
[EventType "swiss"]
[EventDate "2022.06.04"]

1. e4 {[%clk 1:30:49]} c5 {[%clk 1:30:57]} 2. d4 {[%clk 1:30:56]} cxd4 {[%clk
1:31:22]} 3. c3 {[%clk 1:31:10]} Nf6 {[%clk 1:31:46]} 4. e5 {[%clk 1:30:44]}
Nd5 {[%clk 1:32:02]} 5. cxd4 {[%clk 1:30:06]} Nc6 {[%clk 1:32:16]} 6. Nf3
{[%clk 1:29:14]} d6 {[%clk 1:32:28]} 7. Nc3 {[%clk 1:28:36]} e6 {[%clk
1:32:01]} 8. Bb5 {[%clk 1:27:33]} Bd7 {[%clk 1:31:37]} 9. O-O {[%clk 1:26:40]}
Be7 {[%clk 1:31:36]} 10. Bd3 {[%clk 1:26:31]} Rc8 {[%clk 1:29:58]} 11. Bd2
{[%clk 1:26:08]} Qb6 {[%clk 1:29:01]} 12. Na4 {[%clk 1:24:38]} Qc7 {[%clk
1:26:46]} 13. Rc1 {[%clk 1:23:18]} a6 {[%clk 1:17:41]} 14. Nc3 {[%clk 1:22:16]}
Ndb4 {[%clk 1:07:30]} 15. Bb1 {[%clk 1:20:08]} b5 {[%clk 1:01:00]} 16. Nxb5
{[%clk 1:17:40]} Qb8 {[%clk 0:53:06]} 17. Nc3 {[%clk 1:15:52]} dxe5 {[%clk
0:52:05]} 18. dxe5 {[%clk 1:15:29]} Nxe5 {[%clk 0:51:57]} 19. Bf4 {[%clk
1:15:40]} Nxf3+ {[%clk 0:47:57]} 20. Qxf3 {[%clk 1:14:10]} Qb6 {[%clk 0:42:22]}
21. Rfd1 {[%clk 1:13:20]} Bc6 {[%clk 0:35:11]} 22. Be4 {[%clk 1:11:32]} Bxe4
{[%clk 0:33:13]} 23. Qxe4 {[%clk 1:11:32]} O-O {[%clk 0:32:36]} 24. Rd7 {[%clk
1:11:36]} Qc5 {[%clk 0:26:27]} 25. Be3 {[%clk 1:11:18]} Qc6 {[%clk 0:16:01]}
26. Rxe7 Qxe4 {[%clk 0:16:11]} 27. Nxe4 {[%clk 1:11:36]} Rxc1+ {[%clk 0:16:38]}
28. Bxc1 {[%clk 1:11:57]} Nxa2 {[%clk 0:17:03]} 29. Bd2 {[%clk 1:12:06]} Rb8
{[%clk 0:17:05]} 30. Ra7 {[%clk 1:12:24]} h6 {[%clk 0:17:00]} 31. Rxa6 {[%clk
1:12:41]} Rxb2 {[%clk 0:17:10]} 32. f3 {[%clk 1:13:04]} f5 {[%clk 0:17:21]} 33.
Nc3 {[%clk 1:13:21]} Nb4 {[%clk 0:17:31]} 34. Rb6 {[%clk 1:13:09]} Rxd2 {[%clk
0:17:05]} 35. Rxb4 {[%clk 1:13:33]} Kf7 {[%clk 0:17:29]} 36. h3 {[%clk
1:13:39]} Rd3 {[%clk 0:17:28]} 37. Ne2 {[%clk 1:13:42]} Kf6 {[%clk 0:17:41]}
38. Kf2 {[%clk 1:13:59]} g5 {[%clk 0:17:54]} 39. Rb6 {[%clk 1:13:30]} h5 {[%clk
0:18:12]} 40. Nc1 {[%clk 1:13:35]} Rc3 {[%clk 0:18:19]} 41. Nb3 {[%clk
1:13:55]} Rc2+ {[%clk 0:18:19]} 42. Kg3 {[%clk 1:13:29]} f4+ {[%clk 0:18:19]}
43. Kh2 {[%clk 1:13:53]} Rc4 {[%clk 0:17:26]} 44. Nd2 {[%clk 1:14:09]} Rd4
{[%clk 0:17:32]} 45. Ne4+ {[%clk 1:14:29]} Rxe4 {[%clk 0:17:38]} 46. fxe4
{[%clk 1:14:51]} Ke5 {[%clk 0:18:07]} 47. Kg1 {[%clk 1:14:59]} g4 {[%clk
0:18:26]} 48. hxg4 {[%clk 1:15:04]} hxg4 {[%clk 0:18:48]} 49. g3 {[%clk
1:15:22]} fxg3 {[%clk 0:18:56]} 50. Kg2 {[%clk 1:15:32]} Kxe4 {[%clk 0:18:23]}
51. Rxe6+ {[%clk 1:15:55]} Kf5 {[%clk 0:18:45]} 52. Re3 {[%clk 1:16:16]} Kg5
{[%clk 0:18:11]} 53. Rxg3 {[%clk 1:16:38]} Kh4 {[%clk 0:18:37]} 54. Ra3 {[%clk
1:16:55]} Kg5 {[%clk 0:18:37]} 55. Kg3 {[%clk 1:17:18]} Kf5 {[%clk 0:19:02]}
56. Ra4 {[%clk 1:17:41]} Ke5 {[%clk 0:19:19]} 57. Rxg4 {[%clk 1:17:57]} Kd5
{[%clk 0:19:39]} 1-0

[Event "ODJM C 2022"]
[Site "Willingen GER"]
[Date "2022.06.07"]
[Round "4"]
[White "Braschler, David"]
[Black "Peglau, Lorena"]
[Result "1-0"]
[Termination "normal"]
[Board "7"]
[WhiteElo "1046"]
[BlackElo "1224"]
[WhiteClock "01:10:14"]
[BlackClock "00:26:46"]
[PlyCount "101"]
[WhiteFideId "34623850"]
[BlackFideId "16290542"]
[EventCountry "GER"]
[EventRounds "9"]
[EventType "swiss"]
[EventDate "2022.06.04"]

1. e4 {[%clk 1:30:57]} c6 {[%clk 1:30:54]} 2. d4 {[%clk 1:31:22]} d5 {[%clk
1:31:19]} 3. e5 {[%clk 1:31:46]} Bf5 {[%clk 1:31:35]} 4. Nc3 {[%clk 1:32:11]}
e6 {[%clk 1:31:48]} 5. g4 {[%clk 1:32:33]} Bg6 {[%clk 1:32:06]} 6. h4 {[%clk
1:32:53]} h6 {[%clk 1:32:21]} 7. Bd3 {[%clk 1:33:08]} Bxd3 {[%clk 1:32:35]} 8.
Qxd3 {[%clk 1:33:32]} Nd7 {[%clk 1:32:52]} 9. Nge2 {[%clk 1:33:03]} c5 {[%clk
1:32:01]} 10. Be3 {[%clk 1:32:41]} cxd4 {[%clk 1:26:28]} 11. Bxd4 {[%clk
1:32:18]} Ne7 {[%clk 1:19:29]} 12. f4 {[%clk 1:30:36]} Nc6 {[%clk 1:11:02]} 13.
Qd2 {[%clk 1:25:41]} Be7 {[%clk 1:04:54]} 14. Bf2 {[%clk 1:24:49]} a6 {[%clk
0:57:22]} 15. a3 {[%clk 1:24:41]} Qc7 {[%clk 0:54:30]} 16. Qd3 {[%clk 1:19:18]}
O-O-O {[%clk 0:52:51]} 17. b4 {[%clk 1:18:27]} Rdg8 {[%clk 0:49:12]} 18. Nd4
{[%clk 1:16:26]} Na7 {[%clk 0:42:44]} 19. Nce2 {[%clk 1:09:04]} Kd8 {[%clk
0:38:45]} 20. Kd2 {[%clk 1:06:53]} g5 {[%clk 0:37:01]} 21. Nf3 {[%clk 1:05:21]}
Nc6 {[%clk 0:33:15]} 22. Rag1 {[%clk 1:05:16]} gxf4 {[%clk 0:32:57]} 23. Bd4
{[%clk 1:03:02]} Ndxe5 {[%clk 0:30:17]} 24. Nxe5 {[%clk 1:02:06]} Nxe5 {[%clk
0:30:33]} 25. Bxe5 {[%clk 0:59:35]} Qxe5 {[%clk 0:30:50]} 26. c4 {[%clk
0:57:50]} Ke8 {[%clk 0:27:51]} 27. cxd5 {[%clk 0:57:16]} exd5 {[%clk 0:28:00]}
28. Nd4 {[%clk 0:53:49]} Kf8 {[%clk 0:25:18]} 29. Nf5 {[%clk 0:53:06]} Bd8
{[%clk 0:24:09]} 30. Rh2 {[%clk 0:50:10]} Qb2+ {[%clk 0:24:18]} 31. Qc2 {[%clk
0:48:08]} Qxc2+ {[%clk 0:23:12]} 32. Kxc2 {[%clk 0:48:30]} Rg6 {[%clk 0:23:17]}
33. Rd2 {[%clk 0:48:35]} Rc6+ {[%clk 0:23:29]} 34. Kb3 {[%clk 0:48:49]} f3
{[%clk 0:23:01]} 35. Rxd5 {[%clk 0:48:53]} Bf6 {[%clk 0:23:01]} 36. Rgd1 {[%clk
0:43:20]} Rc3+ {[%clk 0:21:55]} 37. Ka4 {[%clk 0:43:23]} Rc8 {[%clk 0:20:44]}
38. Ka5 {[%clk 0:42:58]} Rg8 {[%clk 0:20:17]} 39. g5 {[%clk 0:41:52]} hxg5
{[%clk 0:18:51]} 40. hxg5 {[%clk 0:42:14]} Bxg5 {[%clk 0:18:55]} 41. Kb6 {[%clk
0:42:03]} Rb8 {[%clk 0:17:08]} 42. Kc7 {[%clk 0:42:20]} Bf4+ {[%clk 0:17:12]}
43. Kb6 {[%clk 0:41:12]} f6 {[%clk 0:15:31]} 44. Rf1 {[%clk 0:40:35]} Rg4
{[%clk 0:12:26]} 45. Rd7 {[%clk 0:39:43]} Rg5 {[%clk 0:10:03]} 46. Rh1 {[%clk
0:39:49]} Ke8 {[%clk 0:01:27]} 47. Re7+ {[%clk 0:39:40]} Kf8 {[%clk 0:27:24]}
48. Rhh7 {[%clk 1:09:22]} f2 {[%clk 0:26:50]} 49. Rhf7+ {[%clk 1:09:33]} Kg8
{[%clk 0:26:40]} 50. Nh6+ {[%clk 1:09:51]} Kh8 {[%clk 0:26:46]} 51. Rh7# {[%clk
1:10:14]} 1-0

[Event "ODJM C 2022"]
[Site "Willingen GER"]
[Date "2022.06.07"]
[Round "4"]
[White "Pac, Maksym"]
[Black "Hapke, Marvin"]
[Result "1-0"]
[Termination "normal"]
[Board "8"]
[WhiteElo "1033"]
[BlackElo "1262"]
[WhiteClock "00:07:36"]
[BlackClock "00:16:01"]
[PlyCount "73"]
[WhiteFideId "34623558"]
[BlackFideId "12996580"]
[EventCountry "GER"]
[EventRounds "9"]
[EventType "swiss"]
[EventDate "2022.06.04"]

1. d4 {[%clk 1:30:57]} d5 {[%clk 1:30:53]} 2. Nc3 {[%clk 1:31:22]} Nf6 {[%clk
1:31:14]} 3. Bf4 {[%clk 1:31:48]} e6 {[%clk 1:31:26]} 4. e3 {[%clk 1:32:07]}
Be7 {[%clk 1:31:24]} 5. Bd3 {[%clk 1:31:20]} Nbd7 {[%clk 1:31:34]} 6. Nb5
{[%clk 1:31:02]} Bb4+ {[%clk 1:27:46]} 7. c3 {[%clk 1:30:07]} Ba5 {[%clk
1:28:06]} 8. Nf3 {[%clk 1:24:00]} a6 {[%clk 1:26:42]} 9. Na3 {[%clk 1:22:47]}
Bb6 {[%clk 1:24:31]} 10. Ne5 {[%clk 1:19:48]} Ba7 {[%clk 1:17:37]} 11. g4
{[%clk 1:16:21]} Nxe5 {[%clk 1:16:05]} 12. Bxe5 {[%clk 1:13:00]} h6 {[%clk
1:11:02]} 13. Qf3 {[%clk 1:08:47]} b6 {[%clk 1:01:18]} 14. h4 {[%clk 1:02:04]}
Rg8 {[%clk 1:00:30]} 15. g5 {[%clk 0:48:30]} Nd7 {[%clk 0:58:58]} 16. Bf4
{[%clk 0:47:23]} c5 {[%clk 0:52:35]} 17. gxh6 {[%clk 0:45:15]} gxh6 {[%clk
0:49:08]} 18. Bxh6 {[%clk 0:44:09]} Qf6 {[%clk 0:43:57]} 19. Qxf6 {[%clk
0:42:50]} Nxf6 {[%clk 0:44:15]} 20. Bg5 {[%clk 0:42:00]} Nd7 {[%clk 0:40:01]}
21. Nc2 {[%clk 0:38:11]} Bb7 {[%clk 0:37:26]} 22. O-O-O {[%clk 0:36:58]} c4
{[%clk 0:33:42]} 23. Be2 {[%clk 0:36:39]} f6 {[%clk 0:28:29]} 24. Bf4 {[%clk
0:34:27]} a5 {[%clk 0:23:40]} 25. Rdg1 {[%clk 0:33:20]} Ke7 {[%clk 0:23:44]}
26. h5 {[%clk 0:30:15]} Rh8 {[%clk 0:20:47]} 27. Rg7+ {[%clk 0:28:38]} Kd8
{[%clk 0:20:24]} 28. h6 {[%clk 0:27:14]} Bb8 {[%clk 0:18:50]} 29. h7 {[%clk
0:24:53]} Bxf4 {[%clk 0:19:12]} 30. Rg8+ {[%clk 0:24:18]} Kc7 {[%clk 0:19:33]}
31. Rxa8 {[%clk 0:22:20]} Bxa8 {[%clk 0:19:55]} 32. exf4 {[%clk 0:22:12]} Nf8
{[%clk 0:19:59]} 33. b3 {[%clk 0:15:30]} e5 {[%clk 0:19:54]} 34. fxe5 {[%clk
0:12:14]} fxe5 {[%clk 0:20:13]} 35. dxe5 {[%clk 0:10:40]} d4 {[%clk 0:20:29]}
36. Rg1 {[%clk 0:07:36]} d3 {[%clk 0:16:01]} 37. Rg7+ 1-0

[Event "ODJM C 2022"]
[Site "Willingen GER"]
[Date "2022.06.07"]
[Round "4"]
[White "Direk, Oguzhan"]
[Black "Stepanjan, Tatevik Mia"]
[Result "1-0"]
[Termination "normal"]
[Board "9"]
[WhiteElo "1020"]
[BlackElo "1057"]
[PlyCount "95"]
[WhiteFideId "16294343"]
[BlackFideId "16246128"]
[EventCountry "GER"]
[EventRounds "9"]
[EventType "swiss"]
[EventDate "2022.06.04"]

1. d4 d5 2. Nc3 Nf6 3. Bf4 a6 4. e3 e6 5. Bd3 Bb4 6. Nge2 b6 7. a3 Bd6 8. Bg5
Nbd7 9. e4 dxe4 10. Bxe4 Ra7 11. O-O O-O 12. Qd3 g6 13. Bc6 Be7 14. d5 Bb7 15.
Bxb7 Rxb7 16. dxe6 fxe6 17. Qxa6 Nc5 18. Qc4 Qd6 19. Rad1 Qc6 20. Nd4 Qd7 21.
Rfe1 Kf7 22. Nxe6 Qc6 23. Nd4+ Kg7 24. Nxc6 Re8 25. Rxe7+ Rxe7 26. Nxe7 c6 27.
Bxf6+ Kxf6 28. Qh4+ g5 29. Qxh7 Rxe7 30. Rd6+ Re6 31. Qh6+ Kf7 32. Rxe6 Nxe6
33. Ne4 Ke7 34. Qh7+ Ke8 35. Nd6+ Kd8 36. Nb7+ Kc8 37. Qg8+ Kxb7 38. Qxe6 Kc7
39. Qe5+ Kb7 40. Qxg5 Kc7 41. h4 Kd7 42. h5 Kc7 43. h6 Kb7 44. h7 Kc7 45. h8=Q
Kd6 46. Qhf6+ Kd7 47. Qgg7+ Ke8 48. Qfe7# 1-0

[Event "ODJM C 2022"]
[Site "Willingen GER"]
[Date "2022.06.07"]
[Round "4"]
[White "Aguike, Chidera"]
[Black "Reger, Christoph"]
[Result "0-1"]
[Termination "normal"]
[Board "10"]
[WhiteElo "1266"]
[BlackElo "1056"]
[PlyCount "122"]
[WhiteFideId "34611339"]
[BlackFideId "16287606"]
[EventCountry "GER"]
[EventRounds "9"]
[EventType "swiss"]
[EventDate "2022.06.04"]

1. d4 d5 2. Nc3 Bf5 3. Bf4 e6 4. Nf3 c5 5. Nb5 Qa5+ 6. Nc3 c4 7. Qd2 Bb4 8. a3
Bxc3 9. Qxc3 Qxc3+ 10. bxc3 Bxc2 11. Rc1 Bg6 12. Ne5 Ne7 13. Nxg6 Nxg6 14. Bg3
Nc6 15. Rb1 b6 16. e3 O-O 17. Be2 Rfd8 18. O-O Rd7 19. Bf3 Rb7 20. e4 Nge7 21.
Rb5 a6 22. Rb2 b5 23. Rfb1 a5 24. Rxb5 Rxb5 25. Rxb5 Rd8 26. Bc7 Rc8 27. Bxa5
Rb8 28. Rxb8+ Nxb8 29. Bb4 Nbc6 30. exd5 Nxb4 31. axb4 exd5 32. Kf1 Kf8 33. Ke2
Ke8 34. Ke3 g5 35. g3 f6 36. Bg2 Kd7 37. f4 Kd6 38. h4 gxh4 39. gxh4 Nf5+ 40.
Kf2 Nxh4 41. Bf3 Ng6 42. Kg3 f5 43. Bh5 Ne7 44. Kh4 Nc8 45. Kg5 Ke6 46. Kh6 Kf6
47. Kxh7 Nd6 48. Bf3 Ke6 49. Kg7 Nb5 50. Bh5 Nxc3 51. Bf7+ Kd6 52. Bg6 Ne4 53.
Bxf5 c3 54. Bxe4 dxe4 55. f5 c2 56. f6 c1=Q 57. f7 Qg5+ 58. Kf8 e3 59. d5 e2
60. b5 e1=Q 61. b6 Qee7# 0-1

[Event "ODJM C 2022"]
[Site "Willingen GER"]
[Date "2022.06.07"]
[Round "4"]
[White "Jansen, Malte"]
[Black "Bücker, Phil"]
[Result "1-0"]
[Termination "normal"]
[Board "11"]
[WhiteElo "1391"]
[BlackElo "933"]
[PlyCount "63"]
[WhiteFideId "16295137"]
[BlackFideId "34623841"]
[EventCountry "GER"]
[EventRounds "9"]
[EventType "swiss"]
[EventDate "2022.06.04"]

1. e4 c5 2. Nf3 Nc6 3. d4 cxd4 4. Nxd4 e6 5. Nc3 a6 6. Be3 Qc7 7. Be2 Nf6 8.
O-O b5 9. Nxc6 Qxc6 10. e5 Nd5 11. Nxd5 exd5 12. Bf3 Bb7 13. Qd3 d6 14. Bf4
dxe5 15. Bxe5 Rd8 16. Rfe1 Be7 17. Bxg7 Rg8 18. Qxh7 Kd7 19. Bxd5 Qb6 20. Bxb7
Qxb7 21. Rad1+ Kc7 22. Be5+ Kc8 23. Qh3+ Rd7 24. Qxd7+ Qxd7 25. Rxd7 Kxd7 26.
g3 Bc5 27. Bf4 Rc8 28. Re2 Bd4 29. Rd2 Ke6 30. Rxd4 Rxc2 31. Rd2 Rxd2 32. Bxd2
1-0

[Event "ODJM C 2022"]
[Site "Willingen GER"]
[Date "2022.06.07"]
[Round "4"]
[White "Ginschel, Leonhard"]
[Black "Wolf, Adam"]
[Result "1-0"]
[Termination "normal"]
[Board "12"]
[WhiteElo "1236"]
[BlackElo "926"]
[PlyCount "83"]
[WhiteFideId "16290917"]
[BlackFideId "34623426"]
[EventCountry "GER"]
[EventRounds "9"]
[EventType "swiss"]
[EventDate "2022.06.04"]

1. e4 e5 2. Nf3 Nc6 3. Bc4 Nf6 4. d3 Bc5 5. c3 d6 6. Bb3 O-O 7. Nbd2 Re8 8. h3
Bb6 9. Nf1 d5 10. Qe2 dxe4 11. dxe4 Be6 12. Bc2 Re7 13. g4 Rd7 14. Ng3 Qe7 15.
Nf5 Qc5 16. Be3 Qf8 17. Bg5 Ne8 18. h4 Nd6 19. Bb3 Bxb3 20. axb3 Nxf5 21. gxf5
f6 22. Bd2 Qf7 23. b4 Qb3 24. Rb1 Qc2 25. O-O Rad8 26. Qc4+ Kh8 27. Rfc1 Qd3
28. Qxd3 Rxd3 29. Kg2 g5 30. hxg5 fxg5 31. Bxg5 Rg8 32. Rh1 Rxf3 33. Kxf3 Rxg5
34. Rbd1 Rg7 35. b5 Na5 36. f6 Rg6 37. Rd8+ Rg8 38. Rd7 Rg6 39. Rhxh7+ Kg8 40.
f7+ Kf8 41. Rh8+ Rg8 42. Rxg8# 1-0

[Event "ODJM C 2022"]
[Site "Willingen GER"]
[Date "2022.06.07"]
[Round "4"]
[White "Klockhaus, Daniel"]
[Black "Gauer, Liam"]
[Result "0-1"]
[Termination "normal"]
[Board "13"]
[WhiteElo "1451"]
[BlackElo "1028"]
[PlyCount "118"]
[WhiteFideId "16299132"]
[BlackFideId "16235720"]
[EventCountry "GER"]
[EventRounds "9"]
[EventType "swiss"]
[EventDate "2022.06.04"]

1. e4 d5 2. exd5 Qxd5 3. Nc3 Qa5 4. d4 Nf6 5. Nf3 Bf5 6. Bc4 e6 7. Bd2 c6 8.
Ne5 Nbd7 9. Nd5 Qd8 10. Nxf6+ Nxf6 11. Bf4 Bd6 12. f3 h6 13. g4 Bh7 14. h4 Nd7
15. Nxf7 Bb4+ 16. c3 Bxc3+ 17. bxc3 Kxf7 18. g5 Bf5 19. Rg1 a5 20. a4 Qe7 21.
h5 Kf8 22. Qe2 Re8 23. Qh2 e5 24. dxe5 Nxe5 25. Bxe5 Qxe5+ 26. Qxe5 Rxe5+ 27.
Kd2 Ke7 28. Rae1 Rd8+ 29. Kc1 Rxe1+ 30. Rxe1+ Kf8 31. Re5 Bd3 32. Bxd3 Rxd3 33.
Rf5+ Kg8 34. Kc2 Rd5 35. Rxd5 cxd5 36. Kd3 hxg5 37. Ke3 Kf7 38. Kd4 Ke6 39. c4
dxc4 40. Kxc4 Kf5 41. Kd3 Kf4 42. Ke2 g4 43. fxg4 Kxg4 44. Ke3 Kxh5 45. Kf4 g5+
46. Kg3 g4 47. Kg2 Kg5 48. Kg3 Kf5 49. Kf2 Ke4 50. Kg3 Kd4 51. Kxg4 Kc4 52. Kf3
Kb4 53. Ke3 Kxa4 54. Kd3 Kb3 55. Kd4 a4 56. Kc5 a3 57. Kb6 a2 58. Kxb7 a1=Q 59.
Kc6 Qd4 0-1

[Event "ODJM C 2022"]
[Site "Willingen GER"]
[Date "2022.06.07"]
[Round "4"]
[White "Eitel, Luc"]
[Black "Moissl, Julian"]
[Result "0-1"]
[Termination "normal"]
[Board "16"]
[WhiteElo "1220"]
[BlackElo "1146"]
[PlyCount "48"]
[WhiteFideId "16299728"]
[BlackFideId "16295129"]
[EventCountry "GER"]
[EventRounds "9"]
[EventType "swiss"]
[EventDate "2022.06.04"]

1. e4 e5 2. Nf3 Nc6 3. Bc4 Bc5 4. c3 Nf6 5. d3 d6 6. a4 a5 7. Bg5 h6 8. Be3 Ba7
9. Bxa7 Rxa7 10. h3 d5 11. exd5 Nxd5 12. Bxd5 Qxd5 13. O-O O-O 14. Re1 Re8 15.
Na3 Re7 16. Qc2 Bxh3 17. c4 Qd7 18. Nb5 Ra8 19. Nxc7 Rd8 20. Nd5 Ree8 21. gxh3
Qxh3 22. Qe2 Re6 23. Nh2 Rg6+ 24. Kh1 Qg2# 0-1

[Event "ODJM C 2022"]
[Site "Willingen GER"]
[Date "2022.06.07"]
[Round "4"]
[White "Fröhlich, Niklas"]
[Black "Fize, Aleksandrs"]
[Result "1-0"]
[Termination "normal"]
[Board "17"]
[WhiteElo "1242"]
[BlackElo "933"]
[PlyCount "59"]
[WhiteFideId "16245016"]
[BlackFideId "34623779"]
[EventCountry "GER"]
[EventRounds "9"]
[EventType "swiss"]
[EventDate "2022.06.04"]

1. e4 c5 2. d4 cxd4 3. c3 dxc3 4. Nxc3 e6 5. Bf4 Nc6 6. Nf3 a6 7. Bc4 b5 8. Bb3
Bb7 9. O-O Nge7 10. Qd2 Ng6 11. Rfd1 Nxf4 12. Qxf4 Bc5 13. Ne5 Nxe5 14. Qxe5
Qb6 15. Qxg7 Bxf2+ 16. Kf1 Ke7 17. e5 Rag8 18. Qf6+ Ke8 19. Qxf2 Qxf2+ 20. Kxf2
Rxg2+ 21. Ke3 Rxh2 22. Rd2 Rg8 23. Rxh2 Rg3+ 24. Kd4 Rg4+ 25. Kc5 Kd8 26. Rd1
Kc7 27. Rxh7 Bc6 28. Rxf7 a5 29. Nxb5+ Bxb5 30. Kxb5 1-0

[Event "ODJM C 2022"]
[Site "Willingen GER"]
[Date "2022.06.07"]
[Round "4"]
[White "Yan, Haichen"]
[Black "Reh, Krispin"]
[Result "1-0"]
[Termination "normal"]
[Board "18"]
[WhiteElo "1188"]
[BlackElo "1006"]
[PlyCount "71"]
[WhiteFideId "34607951"]
[BlackFideId "16299205"]
[EventCountry "GER"]
[EventRounds "9"]
[EventType "swiss"]
[EventDate "2022.06.04"]

1. d4 c6 2. c4 d5 3. cxd5 cxd5 4. Nc3 Nf6 5. Nf3 Bf5 6. Bg5 e6 7. Ne5 h6 8. Bh4
Bd6 9. e3 O-O 10. Bd3 Nc6 11. Bxf5 exf5 12. Nxd5 Be7 13. Nxe7+ Nxe7 14. O-O Rc8
15. Qf3 Nc6 16. Qxf5 Re8 17. Nxc6 Rxc6 18. Rac1 Rce6 19. Rc4 g6 20. Qf3 Kg7 21.
Bxf6+ Rxf6 22. Qxb7 Re7 23. Qb3 Rf5 24. Rfc1 Qd6 25. Rc6 Qd7 26. Qc3 Qd5 27. f3
Rg5 28. e4 Qd7 29. d5+ Kh7 30. Rc8 Ree5 31. f4 Qg4 32. g3 Qxf4 33. Rf1 Qxf1+
34. Kxf1 Kg7 35. h4 Rh5 36. g4 1-0

[Event "ODJM C 2022"]
[Site "Willingen GER"]
[Date "2022.06.07"]
[Round "4"]
[White "Lola, Ioanna-Maria"]
[Black "Weidenhöfer, Ben"]
[Result "1/2-1/2"]
[Termination "normal"]
[Board "19"]
[WhiteElo "842"]
[BlackElo "1044"]
[PlyCount "49"]
[WhiteFideId "34620397"]
[BlackFideId "16273702"]
[EventCountry "GER"]
[EventRounds "9"]
[EventType "swiss"]
[EventDate "2022.06.04"]

1. d4 d5 2. Nf3 Nf6 3. Bf4 Bf5 4. Nc3 c6 5. e3 e6 6. Bd3 Bg6 7. O-O Bd6 8. Ne2
Bxf4 9. Nxf4 Bxd3 10. Qxd3 Ne4 11. c4 O-O 12. b3 Nd7 13. Nd2 Ndf6 14. Nxe4 Nxe4
15. f3 Nf6 16. e4 Re8 17. Rfe1 Qc7 18. e5 Nd7 19. Qc3 b6 20. a4 a5 21. b4 Nf8
22. Rec1 Qb7 23. b5 Rac8 24. c5 Ng6 25. Nxg6 1/2-1/2

[Event "ODJM C 2022"]
[Site "Willingen GER"]
[Date "2022.06.07"]
[Round "4"]
[White "Schilay, Vinzenz"]
[Black "Classen, Miguel"]
[Result "0-1"]
[Termination "normal"]
[Board "20"]
[WhiteElo "1003"]
[BlackElo "881"]
[PlyCount "66"]
[WhiteFideId "12983209"]
[BlackFideId "34623825"]
[EventCountry "GER"]
[EventRounds "9"]
[EventType "swiss"]
[EventDate "2022.06.04"]

1. e4 e6 2. d4 d5 3. exd5 exd5 4. Nf3 Nf6 5. c3 Bd6 6. Bg5 c6 7. Bd3 h6 8. Bh4
Bg4 9. Nbd2 Nbd7 10. Qe2+ Be7 11. O-O-O O-O 12. h3 Bxf3 13. gxf3 Re8 14. Rdg1
Qa5 15. Qe3 Bf8 16. Qf4 Kh8 17. Kc2 b5 18. Nb3 Qa4 19. Kd2 c5 20. Bc2 cxd4 21.
Nc5 dxc3+ 22. Kxc3 Qxf4 23. Bxf6 Qxf6+ 24. Kd2 Qd4+ 25. Nd3 Nc5 26. Rg4 Qf6 27.
Rf4 Qg5 28. h4 Qg2 29. Rd1 Nxd3 30. Kxd3 Qxf2 31. Rd2 Re3+ 32. Kd4 Qxd2+ 33.
Bd3 Qxd3# 0-1

[Event "ODJM C 2022"]
[Site "Willingen GER"]
[Date "2022.06.07"]
[Round "4"]
[White "Zheng, Yanchen"]
[Black "Lau, Lars"]
[Result "0-1"]
[Termination "normal"]
[Board "24"]
[WhiteElo "1111"]
[BlackElo "929"]
[PlyCount "152"]
[WhiteFideId "34622268"]
[BlackFideId "34623663"]
[EventCountry "GER"]
[EventRounds "9"]
[EventType "swiss"]
[EventDate "2022.06.04"]

1. d4 c5 2. dxc5 e6 3. c4 Bxc5 4. Nc3 Nc6 5. e3 Nf6 6. Bd3 b6 7. Nge2 Bb7 8.
O-O Ne5 9. Nb5 a6 10. Nbd4 Bxd4 11. exd4 Neg4 12. f3 Nh6 13. b3 d5 14. a4 Qd6
15. Ba3 Qc6 16. Qc2 dxc4 17. Qxc4 Qd7 18. Qb4 Nd5 19. Qd2 Nf5 20. Rfe1 Nfe7 21.
Rac1 O-O 22. Bb1 Rfc8 23. Nc3 Nxc3 24. Rxc3 Nf5 25. Bxf5 exf5 26. Re7 Qd5 27.
Rce3 h6 28. R3e5 Qxb3 29. Qb2 Bd5 30. Qxb3 Bxb3 31. Rxf5 Be6 32. d5 Bxf5 33. d6
Re8 34. Rb7 b5 35. axb5 axb5 36. Bc5 h5 37. Rxb5 Bd3 38. Rb4 Bf5 39. Kf2 Ra2+
40. Kg3 g5 41. h4 g4 42. Rd4 Ra5 43. Bb6 Ra6 44. Bc7 Ra3 45. d7 Bxd7 46. Rxd7
Ra7 47. Rd8 Rxd8 48. Bxd8 f5 49. fxg4 fxg4 50. Kf4 Kg7 51. Bg5 Ra3 52. g3 Rf3+
53. Ke4 Rxg3 54. Bf4 Rf3 55. Kf5 Ra3 56. Be5+ Kf7 57. Kg5 g3 58. Kxh5 g2 59.
Bh2 Ra5+ 60. Kg4 Ra1 61. Kf3 g1=Q 62. Bxg1 Rxg1 63. Kf4 Kg6 64. Kf3 Kh5 65. Kf2
Rg8 66. Kf3 Kxh4 67. Kf4 Rf8+ 68. Ke4 Kg4 69. Ke5 Rf5+ 70. Ke6 Kf4 71. Kd6 Re5
72. Kd7 Ke4 73. Kd8 Re6 74. Kd7 Kd5 75. Kd8 Kc6 76. Kc8 Re8# 0-1

[Event "ODJM C 2022"]
[Site "Willingen GER"]
[Date "2022.06.07"]
[Round "4"]
[White "Rabe, Elina"]
[Black "Kanno, Gabriel"]
[Result "1-0"]
[Termination "normal"]
[Board "25"]
[WhiteElo "764"]
[BlackElo "838"]
[PlyCount "67"]
[WhiteFideId "34623531"]
[BlackFideId "34623973"]
[EventCountry "GER"]
[EventRounds "9"]
[EventType "swiss"]
[EventDate "2022.06.04"]

1. e4 e5 2. Nf3 Nc6 3. Bc4 Bc5 4. Nc3 Nf6 5. d3 d6 6. h3 h6 7. O-O O-O 8. Be3
Bb4 9. d4 Qe7 10. Nd5 a6 11. Nxe7+ Nxe7 12. dxe5 dxe5 13. Nxe5 Be6 14. Bxe6
fxe6 15. Nd7 Rfd8 16. Nxf6+ gxf6 17. Qg4+ Kh7 18. Qxe6 Ng8 19. Qf7+ Kh8 20. Qg6
Bf8 21. Rad1 Re8 22. Bd4 Re6 23. Rd3 Rd8 24. Rg3 Ne7 25. Bxf6+ Rxf6 26. Qxf6+
Kh7 27. Re1 c5 28. Ree3 Rd1+ 29. Kh2 Rd8 30. Rd3 Re8 31. Qf7+ Kh8 32. Qxe8 Kh7
33. Qxf8 b5 34. Qg7# 1-0

[Event "ODJM C 2022"]
[Site "Willingen GER"]
[Date "2022.06.07"]
[Round "4"]
[White "Hasselmann, Isabelle Sophia"]
[Black "Schwarzfischer, Ramona"]
[Result "1-0"]
[Termination "normal"]
[Board "26"]
[WhiteElo "1270"]
[BlackElo "775"]
[PlyCount "105"]
[WhiteFideId "16266951"]
[BlackFideId "16268113"]
[EventCountry "GER"]
[EventRounds "9"]
[EventType "swiss"]
[EventDate "2022.06.04"]

1. e4 e5 2. Bc4 Nf6 3. d4 Nc6 4. d5 Ne7 5. Nc3 d6 6. Bg5 Neg8 7. Qd2 Be7 8.
O-O-O Bg4 9. f3 Bd7 10. Kb1 Bc8 11. Nge2 Nd7 12. Be3 a6 13. a4 Nb6 14. Bxb6
cxb6 15. Ng3 Bd7 16. Qe3 Bh4 17. Nf5 Bxf5 18. exf5 Bf6 19. f4 Ne7 20. fxe5 Bxe5
21. Rhf1 Bxc3 22. Qxc3 f6 23. Rde1 O-O 24. Re3 Qc7 25. g4 Rac8 26. Rf4 b5 27.
axb5 axb5 28. Ba2 Qxc3 29. bxc3 Rfe8 30. Rfe4 h6 31. Rxe7 Kf8 32. Rxe8+ Rxe8
33. Rxe8+ Kxe8 34. c4 b4 35. Kb2 g5 36. fxg6 Kf8 37. Bb1 Kg7 38. c3 bxc3+ 39.
Kxc3 h5 40. gxh5 b6 41. Kb4 b5 42. cxb5 Kg8 43. h6 f5 44. h7+ Kg7 45. Bxf5 Kf6
46. h8=Q+ Kxf5 47. Qh5+ Ke4 48. Qg5 Kd3 49. Qf5+ Kd2 50. Kc4 Ke2 51. Qf4 Ke1
52. Kd3 Kd1 53. Qd2# 1-0